| 000 | 01108nam a2200289 a 4500 | ||
|---|---|---|---|
| 005 | 20191224041624.0 | ||
| 008 | 140304t2000 -cn||||fr|||| 000 0 eng d | ||
| 020 | _a9280719238 | ||
| 040 |
_aCO-BoIAVH _cCO-BoIAVH |
||
| 041 | 0 | _aeng | |
| 044 | _acn | ||
| 082 | 0 | 4 |
_a333.95 _bS44f |
| 110 | 2 | _bSecretariat of the Convention on Biological Diversity | |
| 245 | 1 | 5 |
_aFrom policy to implementation : _bDecisions from the fifth meeting of the Conference of the Parties to the Convention on Biological Diversity, Nairobi, Kenya 15-26 May 2000 |
| 260 |
_aMontreal : _bSecretariat of the Convention on Biological Diversity, _c2000. |
||
| 300 |
_a138 páginas ; _c21 x 15 cm. |
||
| 650 | 1 | 6 | _aConvenio sobre diversidad biológica |
| 650 | 2 | 6 | _aProtocolo de Cartagena sobre Bioseguridad |
| 650 | 2 | 6 | _aBiodiversidad |
| 650 | 2 | 6 | _aEcosistemas |
| 650 | 2 | 6 | _aAgrobiodiversidad |
| 650 | 2 | 6 | _aTaxonomía |
| 650 | 2 | 6 | _aIndicadores ambientales |
| 650 | 2 | 6 | _aGlobal environment facility |
| 650 | 2 | 6 | _aClearing House Mechanism |
| 942 |
_cLIBRO _2ddc |
||
| 999 |
_c2133 _d2133 |
||